000 00388nam a22001577a 4500
003 MPLRDC
005 20220104143820.0
008 210129b ||||| |||| 00| 0 eng d
082 _a857.63 CKL v.278 c.2
100 _a岑凯伦
245 _a浴火重生
_c
260 _a
_b环球出版社
_c1995
300 _b
650 _a短篇小说--别集
942 _cBK
_o857.63 CKL v.278 c.2
999 _c43618
_d43608